| 000 | 00386cam a2200157ua 4500 | ||
|---|---|---|---|
| 041 |
_aeng _h |
||
| 082 |
_a828.09 _bMUL/BE |
||
| 100 | _aMallik , B R . | ||
| 245 |
_aBernard Shah`s man and superman / _cB R Mallik. _hTextual Documents |
||
| 250 |
_a1 / _b. |
||
| 260 |
_aNew Delhi : _bS.Chand & Sons , _c1961. |
||
| 300 | _a37 ; . | ||
| 504 | _a | ||
| 942 | _cBK | ||
| 999 |
_c2366 _d2366 |
||